隋代郡级行政区(612年)- 地图版 - Statistics

General Stats
  • This quiz has been taken 72 times
  • The average score is 52 of 194
Answers on the Map
Answers color-coded by a green-red scale on the quiz's map according to % correct below.
 
Answer Stats
hint Answer % Correct
扬州 南海郡
81%
荆州 长沙郡
81%
扬州 会稽郡
77%
雍州 京兆郡
72%
豫州 南阳郡
72%
梁州 蜀郡
70%
豫州 河南郡
70%
扬州 豫章郡
67%
扬州 交趾郡
67%
雍州 敦煌郡
65%
冀州 河东郡
65%
冀州 太原郡
65%
雍州 张掖郡
63%
冀州 河内郡
63%
扬州 日南郡
63%
雍州 武威郡
60%
徐州 琅邪郡
60%
荆州 九江郡
60%
冀州 辽东郡
56%
徐州 东海郡
56%
冀州 渔阳郡
53%
扬州 苍梧郡
53%
扬州 九真郡
53%
冀州 赵郡
51%
青州 东莱郡
51%
荆州 桂阳郡
51%
荆州 零陵郡
51%
冀州 魏郡
49%
冀州 上党郡
49%
冀州 北平郡
49%
青州 齐郡
49%
徐州 鲁郡
49%
荆州 武陵郡
49%
雍州 扶风郡
47%
雍州 北地郡
47%
雍州 金城郡
47%
冀州 雁门郡
47%
青州 北海郡
47%
荆州 江夏郡
47%
雍州 上郡
44%
雍州 五原郡
44%
雍州 天水郡
44%
兖州 渤海郡
44%
扬州 江都郡
44%
荆州 南郡
44%
荆州 襄阳郡
44%
雍州 朔方郡
42%
雍州 陇西郡
42%
豫州 汝南郡
42%
徐州 彭城郡
42%
扬州 吴郡
42%
扬州 合浦郡
42%
雍州 冯翊郡
40%
雍州 榆林郡
40%
雍州 西海郡
40%
冀州 涿郡
40%
梁州 巴郡
37%
梁州 巴东郡
37%
豫州 弘农郡
37%
扬州 淮南郡
37%
扬州 建安郡
37%
雍州 延安郡
35%
梁州 巴西郡
35%
梁州 犍为郡
35%
梁州 牂柯郡
35%
冀州 河间郡
35%
梁州 武都郡
33%
兖州 东郡
33%
冀州 上谷郡
33%
扬州 丹阳郡
33%
扬州 郁林郡
33%
扬州 珠崖郡
33%
梁州 汉阳郡
30%
兖州 济北郡
30%
徐州 下邳郡
30%
扬州 庐江郡
30%
扬州 余杭郡
30%
豫州 谯郡
28%
豫州 颍川郡
28%
雍州 安定郡
26%
豫州 荥阳郡
26%
豫州 济阴郡
26%
豫州 淮阳郡
26%
兖州 东平郡
26%
冀州 清河郡
26%
冀州 西河郡
26%
扬州 庐陵郡
26%
雍州 平凉郡
23%
豫州 梁郡
23%
兖州 平原郡
23%
荆州 衡山郡
23%
豫州 汝阴郡
21%
豫州 淮安郡
21%
冀州 恒山郡
21%
冀州 博陵郡
21%
冀州 燕郡
21%
扬州 永嘉郡
21%
扬州 鄱阳郡
21%
扬州 临川郡
21%
雍州 灵武郡
19%
雍州 西平郡
19%
雍州 鄯善郡
19%
扬州 东阳郡
19%
扬州 高凉郡
19%
扬州 儋耳郡
19%
雍州 且末郡
16%
雍州 伊吾郡
16%
梁州 房陵郡
16%
梁州 河池郡
16%
梁州 眉山郡
16%
冀州 信都郡
16%
青州 高密郡
16%
荆州 沅陵郡
16%
梁州 临洮郡
14%
梁州 遂宁郡
14%
梁州 涪陵郡
14%
梁州 资阳郡
14%
梁州 越嶲郡
14%
豫州 上洛郡
14%
冀州 绛郡
14%
扬州 弋阳郡
14%
扬州 毗陵郡
14%
扬州 南康郡
14%
荆州 巴陵郡
14%
梁州 汉川郡
12%
梁州 临邛郡
12%
梁州 黔安郡
12%
豫州 襄城郡
12%
冀州 汲郡
12%
冀州 临汾郡
12%
冀州 马邑郡
12%
冀州 定襄郡
12%
扬州 蕲春郡
12%
扬州 宣城郡
12%
扬州 新安郡
12%
扬州 宜春郡
12%
荆州 安陆郡
12%
雍州 枹罕郡
9%
雍州 河源郡
9%
梁州 宕昌郡
9%
梁州 顺政郡
9%
梁州 汶山郡
9%
梁州 金山郡
9%
梁州 新城郡
9%
梁州 泸川郡
9%
冀州 长平郡
9%
冀州 离石郡
9%
冀州 武安郡
9%
扬州 龙川郡
9%
扬州 义安郡
9%
扬州 始安郡
9%
荆州 清江郡
9%
荆州 永安郡
9%
荆州 义阳郡
9%
雍州 雕阴郡
7%
雍州 弘化郡
7%
雍州 盐川郡
7%
雍州 浇河郡
7%
雍州 会宁郡
7%
梁州 西城郡
7%
梁州 清化郡
7%
梁州 通川郡
7%
梁州 宕渠郡
7%
梁州 同昌郡
7%
梁州 义城郡
7%
梁州 平武郡
7%
梁州 普安郡
7%
梁州 隆山郡
7%
豫州 淅阳郡
7%
豫州 淯阳郡
7%
兖州 武阳郡
7%
冀州 楼烦郡
7%
冀州 襄国郡
7%
冀州 安乐郡
7%
冀州 柳城郡
7%
扬州 钟离郡
7%
扬州 同安郡
7%
扬州 历阳郡
7%
扬州 遂安郡
7%
扬州 永熙郡
7%
扬州 永平郡
7%
扬州 临振郡
7%
扬州 宁越郡
7%
荆州 夷陵郡
7%
荆州 沔阳郡
7%
荆州 熙平郡
7%
梁州 明阳郡
5%
冀州 文城郡
5%
冀州 龙泉郡
5%
扬州 信安郡
5%
荆州 竟陵郡
5%
荆州 舂陵郡
5%
荆州 澧阳郡
5%
荆州 汉东郡
2%
No matching quizzes found
Score Distribution
Percent of People with Each Score
Percentile by Number Answered
Your Score History
You have not taken this quiz